Software Engineering (Record no. 7334)

000 -LEADER
fixed length control field 00350nam a2200145Ia 4500
008 - FIXED-LENGTH DATA ELEMENTS--GENERAL INFORMATION
fixed length control field 190920s9999||||xx |||||||||||||| ||und||
020 ## - INTERNATIONAL STANDARD BOOK NUMBER
International Standard Book Number 9789812359889
082 ## - DEWEY DECIMAL CLASSIFICATION NUMBER
Classification number 621.3
Item number SOM/S
100 ## - MAIN ENTRY--PERSONAL NAME
Personal name Sommerville, Lan
245 #0 - TITLE STATEMENT
Title Software Engineering
250 ## - EDITION STATEMENT
Edition statement 3rd Edition
260 ## - PUBLICATION, DISTRIBUTION, ETC.
Place of publication, distribution, etc. New Delhi
Name of publisher, distributor, etc. Pearson Edu.
Date of publication, distribution, etc. 2000
300 ## - PHYSICAL DESCRIPTION
Extent 742p.
942 ## - ADDED ENTRY ELEMENTS (KOHA)
Koha item type Book
952 ## - LOCATION AND ITEM INFORMATION (KOHA)
Lost status
Holdings
Withdrawn status Collection code Permanent Location Current Location Cost, normal purchase price Full call number Accession no. Koha item type
  School of Data Science (Noida) MUIT-NOIDA MUIT-NOIDA 350.00 621.3 SOM/S DSC00171 Reference Book

All Rights Reserved@MUIT

Powered by Koha